Kraje które do 2100 roku mogą zniknąć - Statystyki

Ogólne statystyki
  • Ten quiz został rozwiązany 62 razy
  • Średni wynik to 3 z 11
Answers on the Grid
Answers color-coded by a green-red scale on the quiz's grid according to % correct below.
Tuvalu
Bangladesz
Malediwy
Vanuatu
Filipiny
Haiti
Wietnam
Mikronezja
Fidżi
Gwinea-Bissau
Bahamy
Seszele
Nauru
Wyspy Marshalla
Singapur
Palau
Wyspy Salomona
Dania
Kiribati
Egipt
 
Statystyki odpowiedzi
Odpowiedź % Poprawnych
Tuvalu
63%
Malediwy
49%
Vanuatu
42%
Mikronezja
35%
Nauru
19%
Kiribati
16%
Fidżi
14%
Wyspy Salomona
14%
Bahamy
12%
Wyspy Marshalla
12%
Egipt
0%
Nie znaleziono quizów pasujących do podanych kryteriów
Rozkład punktacji
Procent ludzi z każdym wynikiem
Percentyl według liczby udzielonych odpowiedzi
Twoja historia wyników
Nie rozwiązałeś tego quizu